| 000 | 00957nas a2200265 a 4500 | ||
|---|---|---|---|
| 005 | 20170201090731.0 | ||
| 008 | 881109c19459999ck mrzp r 0 0b0spa d | ||
| 022 | _a0365-2793 | ||
| 040 |
_aCO-BoBLA _cCO-BoBLA |
||
| 041 | 0 | _aspa | |
| 044 | _ack | ||
| 090 | _aSE | ||
| 245 | 0 | 0 |
_aAgricultura tropical / _cOrgano de la Asociación Colombiana de Ingenieros Agrónomos. |
| 246 | 3 | 3 | _aNueva agricultura tropical |
| 260 |
_aBogotá : _bAsociación Colombiana de Ingenieros Agrónomos, _c1945- |
||
| 300 |
_bilustraciones ; _c22 cm. |
||
| 310 | _am | ||
| 500 | _aIncluye índices por volúmenes. | ||
| 650 | 2 | 6 |
_aAgricultura _zColombia _vPublicaciones seriadas. |
| 650 | 2 | 6 |
_aGanadería _zColombia _vPublicaciones seriadas |
| 651 | 4 |
_aBogotá (Colombia) _vPublicaciones seriadas |
|
| 651 | 4 |
_aColombia _vPublicaciones seriadas |
|
| 710 | 2 | _aAsociación Colombiana de Ingenieros Agrónomos | |
| 942 |
_2z _cREVISTA _s1 |
||
| 999 |
_c17219 _d17219 |
||